00513nam a22001697a 450000500170000001000150001702000290003203500140006103700130007508200120008810000170010024500880011726000390020527000540024430000230029850000220032120180904120355.0 aENG-123951 c595.00 a9788129149091 aEN-107483 bDBAD/PUB a954.092 aJaitly, Jaya aLife among the scorpions :cby Jaya Jaitlybmemoirs of a woman in indian politics / aNew DelhibRupa Publicationsc2017 a7/16, Ansari Road, Daryaganj, bNew Delhie110002 ax,308pc23cm.(Hb.) aIt includes index